| 000 | 00386nam a22001697a 4500 | ||
|---|---|---|---|
| 003 | CEME | ||
| 005 | 20210628202454.0 | ||
| 008 | 210311b xxu||||| |||| 00| 0 eng d | ||
| 040 | _c. | ||
| 082 | _a004.675491 AHS'I | ||
| 100 |
_aAhsan Abdullah _960051 |
||
| 245 | _aInternet and pakistan | ||
| 250 | _a2ND | ||
| 260 |
_aISLABABAD _bPTCL _c1996 |
||
| 300 | _a204P | ||
| 942 |
_cBK _2ddc |
||
| 999 |
_c569887 _d569887 |
||